000 00428nam a22001697a 4500
005 20180710110621.0
008 160512b xxu||||| |||| 00| 0 eng d
020 _a81-203-0603-z
041 _aeng
082 _b1574
_a658.15
100 _aJohn J.Hampton,
_94499
245 _aFinancial Decision making:concepts, problems and cases
260 _aNew Delhi
_bPHI,
300 _a550p,
650 _aManagement
_9241
942 _cBK
999 _c632
_d632